000 01154pam a2200349 i 4500
001 vtls000936177
003 PNM
005 20220131104553.0
008 210814s2021 my ao e 000 0 may
015 _aM21-06292
020 _a9555749700397
_qpaperback
_cRM30.00
039 9 _a202108301338
_brosliza
_c202108201006
_ddayang
040 _aBNM
_beng
_cBNM
_erda
_dPPAK
049 _amal
082 0 4 _a297.57
_223
090 0 0 _a297.57
_bASM
_dG
100 0 _aAsma' Harun,
_cUstazah,
_d1983-
_eauthor.
245 1 0 _aTazkirah Time /
_cUSTAZAH ASMA' HARUN ; Editor Marzhatul Syima Md. Saad
264 1 _aKuala Lumpur :
_bGaleri Ilmu Sdn Bhd,
_c2021
300 _aviii, 198 pages :
_bcolour illustrations, colour photographs ;
_c21 cm
336 _atext
_2rdacontent
337 _aunmediated
_2rdamedia
338 _avolume
_2rdacarrier
500 _aContains verses from the Qur'an and verses from the Hadith
650 1 0 _aIslam
_xCustoms and practices
650 2 0 _aMuslims
_xConduct of life
650 2 0 _aReligious life
_xIslam
700 0 _aMarzhatul Syima Md. Saad,
_eeditor.
942 _2ddc
_cB
949 _62000795059
949 _62000795060
999 _c187301
_d187301